Trend zelených budov a šetrenie nákladov

Dôležité atribúrty zohrávajúce hlavnú úlohu pri rozhodovaní spoločnosti hľadajúcej ekologické priestory. Certifikačné systémy na posudzovanie ekologickosti budovy. Hlavné črty zelených budov a ochrana životného prostredia.

Gespeichert in:
Bibliographische Detailangaben
1. Verfasser: Michalčík, Václav
Format: Buchkapitel
Sprache:Slowakisch
Schlagworte:
Tags: Tag hinzufügen
Keine Tags, Fügen Sie das erste Tag hinzu!

MARC

LEADER 00000naa a2200000 4500
001 0192915
005 20220725111654.3
041 0 |a slo 
044 |a SK 
245 1 0 |a Trend zelených budov a šetrenie nákladov  |c Václav Michalčík 
520 |a Dôležité atribúrty zohrávajúce hlavnú úlohu pri rozhodovaní spoločnosti hľadajúcej ekologické priestory. Certifikačné systémy na posudzovanie ekologickosti budovy. Hlavné črty zelených budov a ochrana životného prostredia. 
610 2 0 |a stavby 
610 2 0 |a budovy 
610 2 0 |a ekológia 
610 2 0 |a náklady ekologické 
610 2 0 |a využitie materiálu 
610 2 0 |a prostredie životné 
610 2 0 |a rozvoj trvalo udržateľný 
100 1 |a Michalčík, Václav